| 000 | 00844nam a2200253 i 4500 | ||
|---|---|---|---|
| 001 | bg | ||
| 245 | 0 | 0 |
_aMakroekonomia : _bpodstawowe zagadnienia : skrypt uczelniany / _cpod red. Urszuli Zagóry-Jonszty ; [aut. Franciszek Grzesiok et al.] ; Wyższa Szkoła Ekonomii i Administracji w Bytomiu. |
| 260 |
_aBytom : _bWSEiA, _c2003. |
||
| 300 |
_a184 s. : _bil. ; _c24 cm. |
||
| 504 | _aBibliogr. przy rozdz. | ||
| 650 | 9 | _aMakroekonomia | |
| 655 | _aPodręczniki akademickie | ||
| 700 | 1 |
_aZAGÓRA-JONSZTA, Urszula. _eRed. |
|
| 700 | 1 | _aGRZESIOK, Franciszek | |
| 710 | 0 | _aWyższa Szkoła Ekonomii i Administracji (Bytom) | |
| 015 | _aPB 19289/2003 | ||
| 020 | _a8388587269 | ||
| 040 | _cBPK | ||
| 041 | 0 | _apol | |
| 080 | _a330.101.541(075.8) | ||
| 920 | _a83-88587-26-9 | ||
| 942 | _cKS | ||
| 008 | s pl f |000 0 pol | ||
| 999 |
_c51251 _d51251 |
||
| 856 |
_uhttp://koha.tu.koszalin.pl/cgi-bin/koha/opac-detail.pl?biblionumber=51251 _yKatalog online BPK |
||